Statistics for Mayors of Chicago

Click here to take the quiz!

General Stats

  • This quiz has been taken 16 times
  • The average score is 5 of 11

Answer Stats

TermAnswer% Correct
1955-1976Richard J. Daley
93%
1989-2011Richard M Daley
93%
2011-presentRahm Emanuel
80%
1983-1987Harold Washington
60%
1979-1983Jane Byrne
33%
1931-1933Anton Cermak
27%
1987-1989Eugene Sawyer
27%
1933-1947Edward J. Kelly
20%
1976-1979Michael A. Bilandic
20%
1987David Orr
13%
1947-1955Martin H. Kennelly
13%

Score Distribution

Percentile by Number Answered

Percent of People with Each Score

Your Score History

You have not taken this quiz